000 00558nam a2200205Ia 4500
005 20250508152855.0
008 008 250505s9999 xx 000 0 eng d
037 _aTextual
040 _aFEDL
_beng
_cFEDL
041 _aeng
_2eng
084 _a330, BEN
_qFEDL
100 _aBenham Frederic
_9129968
245 0 _aEconomics : A general introduction
250 _a6
260 _aLondon, UK
_bSir Isaac Pitman and Sons Limited
_c1960
300 _axvi,575p
650 _aEconomics
942 _cTEXL
_h330, BEN
999 _c1339327
_d1339327